| 000 | 01008cam a2200229 4500 | ||
|---|---|---|---|
| 001 | ##L131996 | ||
| 008 | 051220n1996 000 0 eng u | ||
| 020 | _a0471960934 | ||
| 035 | _a(Sirsi) u131996 | ||
| 041 | 0 | _aeng | |
| 050 | 0 | 4 | _a526.982 $2 18 |
| 100 | 1 | _aKondratyev, K. | |
| 245 | 0 | 0 | _aHigh latitude climate and remote sensing |
| 260 |
_aChichester _bJohn Wiley _c1996 |
||
| 300 |
_aviii, 200p. _c24cm. |
||
| 490 | 0 | _aWiley Series in Remote Sensing | |
| 520 | _aBrings together information on microwave remote sensing and alteration in high latitude climate as an indicator of global climate change. Draws upon original research and covers the principal components of high latitude environmental dynamics, composition of high latitude atmosphere and the interaction between cloudiness and radiation at high latitude. | ||
| 690 | _aENVIRONMENTAL AND LAND CONSULTANCY-GEOMATICS-PHOTOGRAMMETRY AND REMOTE SENSING | ||
| 700 | 1 | _aJohannessen, O. M. | |
| 700 | 1 | _aMelentyev, V. V. | |
| 942 | _n0 | ||
| 999 |
_c104953 _d104953 |
||